[Event "8th HDBank Cup 2018"]
[Site "Hanoi"]
[Date "2018.03.15"]
[Round "9"]
[White "Zhao, Jun"]
[Black "Xu Yi"]
[Result "1/2-1/2"]
[WhiteElo "2599"]
[BlackElo "2499"]
[Annotator "TA"]
[PlyCount "43"]
[EventDate "2018.??.??"]
[EventCountry "VIE"]
[SourceTitle "playchess.com"]
[Source "ChessBase"]
[SourceQuality "1"]

{[%evp 20,43,28,14,29,6,18,23,23,20,15,17,27,0,6,0,0,0,0,0,0,0,0,0,0,0]} 1. e4 e5 2. Nf3 Nc6 3. Bb5 {[%cal Bf1b5,Bb5a4,Ba4b3][%mdl 32]} a6 4. Ba4 Nf6 5. d3 b5 6. Bb3 Be7 7. a4 Rb8 8. O-O O-O 9. axb5 axb5 10. Re1 d6 11. Nbd2 {[%cal Bb1d2,Bd2f1,Bf1e3][%mdl 32] LiveBook: 15 Games. C88: Closed Ruy Lopez: Anti-Marshall Systems} (11. c3 Be6 12. Bxe6 fxe6 13. Bg5 Nd7 14. Be3 d5 15. Nbd2 Nc5 16. Nb3 Na4 17. Qe2 Bd6 18. d4 dxe4 19. Nxe5 Bxe5 20. dxe5 Nxe5 {1-0 (43) Adams,M (2738)-Shirov,A (2630) Douglas 2017}) 11... Bd7 12. Nf1 Ra8 13. Rxa8 Qxa8 14. c3 Na5 15. Bc2 c5 16. Ne3 Nc6 $146 {The position is equal.} ({Predecessor:} 16... g6 17. h3 Rc8 18. Nh2 Be6 {0-1 (32) Grigorov,J (2390)-Kolev,A (2445) Sofia 1992}) 17. h3 Re8 18. Bd2 h6 19. Bb3 Na5 20. Bc2 Nc6 21. Bb3 Na5 22. Bc2 {Precision: White = 73%, Black = 100%.} 1/2-1/2

[Event "8th HDBank Cup 2018"]
[Site "Hanoi"]
[Date "2018.03.15"]
[Round "9"]
[White "Pichot, Alan"]
[Black "Gordievsky, Dmitry"]
[Result "1-0"]
[WhiteElo "2558"]
[BlackElo "2630"]
[Annotator "TA"]
[PlyCount "95"]
[EventDate "2018.??.??"]
[EventCountry "VIE"]
[SourceTitle "playchess.com"]
[Source "ChessBase"]
[SourceQuality "1"]

{[%evp 20,95,22,19,28,-7,-4,-3,0,-20,-12,-14,0,-41,-42,-59,-51,-84,-61,-75,-59,-38,-48,-70,-62,-63,-70,-42,-58,-49,-37,-27,17,13,21,18,8,15,5,0,54,0,0,-45,59,57,84,75,78,87,79,67,147,84,69,56,45,27,84,95,118,108,126,135,162,33,414,384,586,567,611,551,645,625,726,681,626,576]} 1. e4 c5 2. Nf3 e6 3. d4 cxd4 4. Nxd4 a6 5. c4 Nf6 6. Nc3 Qc7 7. Be2 Bb4 8. O-O O-O {B41: Sicilian: Kan Variation: 5 c4} 9. Qc2 (9. Qd3 d6 10. Bd2 Nc6 11. Nb3 b6 12. Rac1 Bc5 13. Bg5 Bb7 14. Qg3 Kh8 15. Rfd1 Ne5 16. Nxc5 bxc5 {0-1 (34) Naiditsch,A (2705)-Artemiev,V (2691) Riadh 2017}) 9... Nc6 10. Nxc6 dxc6 11. Be3 {LiveBook: 6 Games} b5 12. f4 $146 ({Predecessor:} 12. a3 Bd6 13. f4 e5 14. f5 Qe7 15. b4 Bb7 16. c5 Bc7 17. a4 {1-0 (17) Cvak,R (1917)-Pech,J (1207) LSS email 2011}) 12... e5 13. f5 Qe7 14. Kh1 Bc5 15. Bg5 Bb7 16. g4 h6 17. Bd2 Nh7 18. Rf3 Rad8 19. Raf1 Qf6 20. Rg3 Bd4 21. a3 Rd7 22. Kg2 Rfd8 23. Bc1 Bxc3 24. bxc3 c5 25. cxb5 Ng5 26. Re3 $1 c4 27. bxa6 Qxa6 {[#] ...Rd3! is the strong threat.} 28. h4 Nh7 29. Kh3 Rd6 (29... Rd3 $11) 30. Qb1 (30. Rg1 $1 $14) 30... Qc6 $11 31. Qb4 Ba6 (31... Nf6 $15) 32. Qa5 $14 Re8 33. Rd1 $36 {[%mdl 2048] White is on the roll.} Rxd1 34. Bxd1 {And now Ba4 would win.} Qd6 35. Bc2 Nf6 ({Black should try} 35... Rb8 $14) 36. Re1 (36. g5 $142 hxg5 37. hxg5) 36... Bb7 $16 37. Qb4 Qc7 38. g5 hxg5 (38... Nh5 $1 $11 {remains equal.}) 39. Bxg5 Nh5 40. Qb5 Rb8 41. Rb1 Nf4+ {[#]} 42. Kg4 (42. Bxf4 $1 $18 exf4 43. Qb6) 42... f6 $2 {[%mdl 8192]} (42... Qd6 $14 43. Bxf4 exf4) 43. Bxf4 $1 $18 exf4 (43... g6 $142 44. Bd2 gxf5+ 45. Kh3 (45. exf5 $2 Bf3+ 46. Kxf3 Rxb5 $19) 45... f4) 44. Qb6 {White is clearly winning.} Qxb6 45. Rxb6 f3 46. Kg3 f2 47. Kxf2 Rd8 {Black hopes to continue with ...Rd2+.} 48. Ke3 {Precision: White = 47%, Black = 47%.} 1-0

[Event "8th HDBank Cup 2018"]
[Site "Hanoi"]
[Date "2018.03.15"]
[Round "9"]
[White "Lei, Tingjie"]
[Black "Tran, Tuan Minh"]
[Result "0-1"]
[WhiteElo "2545"]
[BlackElo "2522"]
[Annotator "TA"]
[PlyCount "84"]
[EventDate "2018.??.??"]
[EventCountry "VIE"]
[SourceTitle "playchess.com"]
[Source "ChessBase"]
[SourceQuality "1"]

{[%evp 18,84,14,18,43,35,62,65,65,55,62,15,14,0,0,0,0,-20,36,34,54,44,58,0,0,0,0,-52,-54,-68,-68,-68,-69,-72,-73,-115,-109,-104,-104,-137,-126,-144,-149,-161,-161,-157,-146,-180,-160,-172,-159,-185,-178,-191,-201,-237,-209,-230,-203,-241,-242,-272,-247,-734,-751,-726,-737,-733,-721]} 1. e4 c5 2. Nf3 d6 3. d4 cxd4 4. Nxd4 Nf6 5. Nc3 a6 6. h4 {B90: Sicilian Najdorf: Unusual White 6th moves, 6 Be3 Ng4 and 6 Be3 e5} (6. Bg5 e6 7. f4 h6 8. Bh4 Qb6 9. a3 Be7 10. Bf2 Qc7 11. Qf3 Nbd7 12. O-O-O b5 13. g4 Bb7 14. Bg2 g5 15. h4 gxf4 16. g5 Ne5 17. Qxf4 hxg5 18. hxg5 Rxh1 19. Rxh1 {0-1 (59) Karjakin,S (2760)-Vachier Lagrave,M (2789) London 2017}) 6... e5 7. Nb3 Be6 8. f4 exf4 9. Bxf4 Nc6 10. Qd2 {LiveBook: 8 Games} Be7 11. O-O-O Qb6 $146 ({Predecessor:} 11... Ne5 12. h5 Rc8 13. Qe1 Qc7 {0-1 (45) Gantner,M (2324)-Germanavicius,S (2326) Antalya 2017}) 12. Nd5 ({Much worse is} 12. Bxd6 $6 O-O-O $15) 12... Bxd5 13. exd5 Ne5 14. g3 O-O 15. Bh3 Rfe8 16. Rhe1 Bf8 17. Qc3 a5 (17... Nfg4 $11 18. Bxg4 Nxg4) 18. a4 $14 g6 19. Kb1 h5 20. Be3 ({Reject} 20. Bxe5 dxe5 21. Qe3 Qd6 $11) (20. Re2 $14) 20... Qb4 $11 21. Qxb4 axb4 22. Bf4 (22. Bg5 $11 Nfg4 23. Bxg4 hxg4 24. a5) 22... Rxa4 $15 23. Bxe5 dxe5 24. d6 Rd8 25. d7 e4 26. Bg2 Rxd7 27. Rxd7 Nxd7 28. Bxe4 Ra7 29. Rd1 b6 30. Bc6 Ne5 31. Bb5 Kg7 32. Rd5 Re7 33. Rd6 Rb7 34. Rd5 {[#]} Ng4 $1 35. Nd2 Re7 36. Nc4 Re1+ 37. Ka2 Ne3 38. Rd7 Nxc2 {White must now prevent ...Bc5.} 39. Nxb6 Re3 {( -> ...b3+)} 40. Bc4 $2 {[#]} (40. Bd3 b3+ 41. Kxb3) 40... b3+ $1 $19 {[%mdl 512] Black is clearly winning.} 41. Bxb3 Nb4+ 42. Ka3 Nd3+ {Precision: White = 32%, Black = 76%.} 0-1

[Event "8th HDBank Cup 2018"]
[Site "Hanoi"]
[Date "2018.03.15"]
[Round "9"]
[White "Vishnu Prasanna. V"]
[Black "Li, Yankai"]
[Result "0-1"]
[WhiteElo "2526"]
[BlackElo "2434"]
[Annotator "TA"]
[PlyCount "68"]
[EventDate "2018.??.??"]
[EventCountry "VIE"]
[SourceTitle "playchess.com"]
[Source "ChessBase"]
[SourceQuality "1"]

{[%evp 26,68,0,0,18,-119,-114,-125,-123,-123,-110,-135,-141,-132,-145,-137,-126,-110,-113,-124,-118,-127,-121,-147,-138,-140,-147,-141,-105,-102,-77,-114,-124,-134,-123,-125,-93,-292,-278,-287,-289,-532,-518,-558,-530]} 1. e4 e5 2. Nf3 Nc6 3. Bb5 a6 4. Ba4 Nf6 5. O-O b5 6. Bb3 Bc5 7. a4 Rb8 8. c3 d6 9. d4 Bb6 10. a5 {C78: Ruy Lopez: Archangelsk and Möller Defences} Ba7 11. h3 O-O 12. Be3 exd4 (12... Ra8 13. Re1 h6 14. Nbd2 Re8 15. g4 Qe7 16. Nf1 Nd8 17. Ng3 c5 {0-1 (35) Caruana,F (2799)-Carlsen,M (2827) Douglas 2017}) 13. cxd4 Nxe4 14. Qc2 {LiveBook: 11 Games} Qe8 {[#]} 15. Bd5 $146 (15. Nc3 $11 {remains equal.} Nf6 16. Rfe1) ({Predecessor:} 15. Nc3 Nf6 16. Rfe1 Qd7 17. Qd1 Nb4 {½-½ (39) Tari,A (2581)-Praggnanandhaa,R (2509) Tarvisio 2017}) 15... Nb4 $1 $17 {[%csl LRc2,LRd5][%cal Rb4c2]} 16. Qxe4 Qxe4 17. Bxe4 {Black must now prevent Nc3.} f5 18. Nc3 {Strongly threatening Bd5+.} fxe4 19. Nxe4 Bb7 20. Ned2 c5 21. dxc5 Nc2 22. c6 Nxe3 23. Rfc1 {[#]} Ba8 $1 {Threatens to win with ...Nd5.} 24. fxe3 Bxe3+ 25. Kh1 Rbc8 26. Rc3 Bxd2 27. Nxd2 Rxc6 28. Rxc6 Bxc6 {[%mdl 4096] Endgame KRB-KRN} 29. Kg1 Rf5 30. Rc1 Rc5 31. Rxc5 $2 (31. Nb3 $17 {was worth a try.} Rxc1+ 32. Nxc1) 31... dxc5 $19 {[%cal Bd6c5,Bc5c4][%mdl 32]} 32. Nb3 c4 33. Nc5 $2 {[#]} (33. Nd4 Bb7 34. g3) 33... b4 $1 {[%cal Bb5b4,Bb4b3][%mdl 32]} 34. Kf2 b3 {Precision: White = 43%, Black = 88%.} 0-1

[Event "8th HDBank Cup 2018"]
[Site "Hanoi"]
[Date "2018.03.15"]
[Round "9"]
[White "Deepan Chakkravarthy J"]
[Black "Tu, Hoang Thong"]
[Result "0-1"]
[WhiteElo "2520"]
[BlackElo "2414"]
[Annotator "TA"]
[PlyCount "118"]
[EventDate "2018.??.??"]
[EventCountry "VIE"]
[SourceTitle "playchess.com"]
[Source "ChessBase"]
[SourceQuality "1"]

{[%evp 13,118,45,29,12,8,0,8,-12,-16,-25,0,0,6,2,5,4,3,-16,-25,-20,-7,-127,-130,-202,-137,-306,-315,-333,-328,-320,-301,-364,-371,-360,-361,-345,-236,-240,0,-299,-205,-211,-25,-310,-193,-274,-275,-391,-296,-433,-282,-370,-359,-436,-430,-438,-431,-423,-408,-404,-369,-398,-405,-341,-198,-196,-204,-196,-184,-234,-199,-199,-173,-226,-227,-210,-195,-188,-137,-141,-141,-141,-141,-141,-141,-142,-133,-131,-116,-116,-127,-227,-227,-236,-233,-229,-237,-700,-733,-700,-624,-943,-923,-1179,-1133,-944,-897]} 1. d4 f5 2. g3 Nf6 3. Bg2 e6 4. Nh3 Be7 5. O-O O-O 6. c4 d6 7. Nc3 e5 {LiveBook: 23 Games. A91: Classical Dutch: Early Deviations} 8. Nd5 (8. c5 Kh8 9. cxd6 cxd6 10. dxe5 dxe5 11. Qxd8 Rxd8 12. Be3 Nc6 13. Ng5 Kg8 14. Rad1 e4 15. Rxd8+ Bxd8 16. f3 h6 17. Nh3 exf3 18. exf3 {½-½ (18) Nisipeanu,L (2692)-Azarov,S (2605) Bucharest 2008}) 8... Nxd5 9. cxd5 Nd7 $146 {The position is equal.} ({Find the theoretical novelty and annotate with similar games:} 9... Kh8 10. f4 exd4 11. Qxd4 Bf6 12. Qd3 Na6 13. a3 Nc5 14. Qc2 Re8 15. e3 {½-½ (34) Lakat,G (2050)-Koszegi,L (2175) Budapest 2000}) 10. Be3 Nb6 11. Qb3 {Threatens to win with dxe5.} Kh8 12. Rac1 Bd7 13. dxe5 dxe5 14. Bc5 Bd6 15. Bxd6 cxd6 16. Qb4 Qf6 17. Rc7 (17. e3 $11 {remains equal.}) 17... f4 $17 18. Rxb7 (18. Qb3 $17) 18... Qh6 19. a4 $2 (19. Rxd7 $17 Nxd7 20. Qb7) 19... Bc8 $19 (19... Bxh3 20. Bxh3 Qxh3 21. Qxd6 $17) 20. a5 Bxb7 21. axb6 axb6 22. Kh1 fxg3 23. hxg3 Ba6 24. Qe4 Rf6 25. Ra1 Rff8 $2 ({Black should try} 25... Qd2 $19 26. Qc4 Qe1+ $1 {[%mdl 512]} 27. Rxe1 Bxc4) 26. Kh2 $2 {[%mdl 8192]} (26. Rf1 $1 $11 {and White stays safe.} Bb5 27. Kg1) 26... Qd2 27. Bf3 h6 $2 ({Not} 27... Qxb2 28. Ng5 $1 $11 {[%mdl 512]}) (27... Ra7 $19 {Strongly threatening ...Bd3.} 28. Ra3 Raa8) 28. Kg2 $2 {[%mdl 8192]} (28. Qg4 $1 $11) 28... Bb7 ({Don't blunder} 28... Qxb2 $2 29. Ng5 $1 $18 {[%mdl 512]}) 29. Rh1 (29. Rxa8 $142 Rxa8 30. Kh2) 29... Rf6 30. b4 (30. Qe3 $142 Qxe3 31. fxe3) 30... b5 31. Rb1 (31. Qe3 $142 Qxe3 32. fxe3) 31... Raf8 32. Rb3 Rc8 33. Rd3 Qe1 34. Ra3 Rc4 35. Qe3 Qxb4 36. Ra7 Rf7 37. Qb6 Rcc7 38. Ra5 Qc5 (38... Qe1 $142 39. Kh2 Rxf3 $1 {[%mdl 512]} 40. Qxc7 Rxf2+ 41. Nxf2 Qxf2+ 42. Kh3 Qf1+ 43. Kg4 h5+ $1 {[%mdl 512]} 44. Kxh5 Qf5+ 45. Kh4 Bc8 46. Qxc8+ Qxc8) 39. Rxb5 Qxb6 $1 40. Rxb6 Rfd7 41. e4 Rd8 42. Bh5 Kg8 43. Ng1 (43. f4 $142) 43... Bc8 44. Nf3 g5 45. Nh2 Rc4 (45... Rb7 $19 46. Rxb7 Bxb7) 46. Bf3 Kf8 47. g4 Ke7 48. Nf1 Rc7 49. Ne3 Bd7 50. Be2 Ra8 51. Bb5 Bc8 $1 52. Nc4 {[#]} (52. Bc6 $17 {is a better defense.} Ra1 53. Rb8) 52... Rb7 $1 ({Resist} 52... Bxg4 {[#]} 53. Nxe5 $1 {[%mdl 512]} Bd1 54. Nc4 $15) 53. Rxd6 {Bc6 is the strong threat.} Rxb5 54. Rxh6 Rb4 55. Nxe5 $2 (55. d6+ Kf8 56. Rh8+ Kg7 57. d7 Bxd7 58. Rxa8 Rxc4 59. Ra7) 55... Rxe4 {Black is clearly winning.} 56. d6+ Kf8 57. d7 Bb7 58. Rh8+ Kg7 59. Rxa8 Rd4+ {Precision: White = 39%, Black = 67%.} 0-1

[Event "8th HDBank Cup 2018"]
[Site "Hanoi"]
[Date "2018.03.15"]
[Round "9"]
[White "Le, Tuan Minh"]
[Black "Karthikeyan, Murali"]
[Result "1/2-1/2"]
[WhiteElo "2489"]
[BlackElo "2592"]
[Annotator "TA"]
[PlyCount "97"]
[EventDate "2018.??.??"]
[EventCountry "VIE"]
[SourceTitle "playchess.com"]
[Source "ChessBase"]
[SourceQuality "1"]

{[%evp 14,97,0,-23,0,-6,0,-31,0,-18,-25,-48,-50,-64,-64,-64,-69,-78,-77,-68,-69,-76,-72,-83,-84,-90,-82,-85,-53,-75,-64,-82,-77,-96,-72,-70,-62,-49,-59,-45,-59,-105,-110,-98,-90,-183,-188,-186,-193,-201,-200,-184,-187,-243,-242,-241,-230,-225,-233,-222,-218,-294,-289,-237,-227,-230,-237,-227,-220,-216,-222,-218,-206,-218,-191,-180,0,0,0,0,0,0,0,0,0,-4]} 1. d4 Nf6 2. Nf3 g6 3. Bg5 Bg7 4. Nbd2 d5 5. e3 O-O 6. c3 c5 7. Bd3 Qb6 8. Qb1 {LiveBook: 11 Games} cxd4 {D03: 1 d4 d5 2 Nf3 Nf6 3 Bg5, including Torre Attack with early ...d5} (8... Nc6 9. h3 Nd7 10. O-O e5 11. dxe5 Ndxe5 12. Bc2 Nxf3+ 13. Nxf3 Be6 14. Ba4 Rac8 15. Bxc6 bxc6 16. Bf4 {½-½ (82) Istvandi,L (2317)-Palkovi,J (2463) Hungary 2014}) 9. exd4 Qe6+ 10. Kf1 h6 {Black is slightly better.} 11. Bh4 Nh5 {[%cal Bf6h5,Bh5f4,Bf4d3][%mdl 32]} 12. Qc2 $146 ({Predecessor:} 12. Qe1 Qb6 13. Rb1 Nf4 14. Qe3 Nxd3 15. Qxd3 Bf5 16. Qe2 Bxb1 17. Nxb1 {0-1 (36) Zakharov,V (2066)-Leontiev,A (2304) Anapa 2010}) 12... Nf4 13. Bg3 Nxd3 14. Qxd3 Qb6 {White must now prevent ...Bf5.} 15. Qc2 Nc6 16. Qb3 Qxb3 17. Nxb3 f6 18. Re1 b6 19. Kg1 Bd7 20. h3 a5 {[%cal Ba7a5,Ba5a4][%mdl 32]} 21. a3 Rfe8 22. Kh2 Rac8 23. Re2 a4 24. Na1 {[%cal Bb3a1,Ba1c2,Bc2e3][%mdl 32]} e5 25. dxe5 fxe5 {[%cal Bf6e5,Be5d4,Bd4d3][%mdl 32]} 26. Nc2 Bf5 {[%cal Bd7f5,Bf5e4,Be4f3][%mdl 32]} 27. Rd1 {[#]} d4 $1 {[%cal Rd4d3][%mdl 512]} 28. cxd4 exd4 29. Red2 (29. Ncxd4 $17 Nxd4 30. Rxe8+ Rxe8 31. Nxd4) 29... d3 $1 $19 {[%cal Rd3c2]} 30. Ne3 Be4 31. Ne1 Nd4 32. f3 Bxf3 $1 33. Nxf3 (33. gxf3 $142 Rxe3 34. Rxd3 Re2+ 35. Kg1) 33... Nxf3+ ({Weaker is} 33... Rxe3 34. Nxd4 Bxd4 35. Bf4 $15) 34. gxf3 Rxe3 35. Rxd3 Rxd3 36. Rxd3 {[%mdl 4096] Endgame KRB-KRB} Rc2+ ({Don't do} 36... Bxb2 37. Be1) 37. Kh1 Bxb2 38. Rd6 Kf7 39. Rxb6 Bxa3 40. Ra6 Rc4 41. Be5 Be7 42. f4 {[%cal Bf3f4,Bf4f5,Bf5g6][%mdl 32]} a3 43. Kg2 Rc2+ 44. Kf3 {[#]} Rh2 $2 {[#]} (44... h5 $1 $19 45. Ke4 Re2+ 46. Kd4 a2) 45. f5 $1 $11 {[%cal Rf5g6][%mdl 512] The position is equal.} Rxh3+ (45... gxf5 46. Bxh2) 46. Kg2 Rh5 47. fxg6+ Kg8 48. Ra8+ Bf8 49. Bd6 {Precision: White = 61%, Black = 70%.} 1/2-1/2

[Event "8th HDBank Cup 2018"]
[Site "Hanoi"]
[Date "2018.03.15"]
[Round "9"]
[White "Saduakassova Dinara"]
[Black "Llaneza Vega Marcos"]
[Result "1-0"]
[WhiteElo "2479"]
[BlackElo "2430"]
[Annotator "TA"]
[PlyCount "125"]
[EventDate "2018.??.??"]
[EventCountry "VIE"]
[SourceTitle "playchess.com"]
[Source "ChessBase"]
[SourceQuality "1"]

{[%evp 20,125,40,43,51,48,50,43,50,48,55,25,64,52,56,54,56,44,70,70,77,77,126,112,121,118,126,106,134,134,164,168,186,181,181,178,181,171,176,141,147,139,168,175,185,189,186,155,234,226,244,243,610,585,559,316,325,299,310,185,222,206,215,194,184,141,152,159,151,134,139,135,197,175,184,134,262,245,274,268,275,268,256,251,307,227,307,296,305,282,300,295,288,287,365,364,365,365,331,331,361,350,537,512,693,388,749,723]} 1. d4 Nf6 2. c4 g6 3. g3 Bg7 4. Bg2 O-O 5. Nc3 d6 6. Nf3 c6 7. O-O Qb6 8. b3 Qa5 {E62: King's Indian: Fianchetto: 6...c6 and Panno Variation (6...Nc6) without ...a6} 9. Qd2 Qh5 10. Qg5 Qxg5 11. Bxg5 {LiveBook: 11 Games} a5 $146 ({Find the theoretical novelty and annotate with similar games:} 11... Nbd7 12. Rad1 Re8 13. e4 h6 14. Bc1 a6 15. h3 Rb8 16. e5 dxe5 17. dxe5 {0-1 (58) Grigoryan,K (2586)-Babujian,L (2471) Yerevan 2014}) 12. Rac1 Re8 13. Rfd1 Bf5 14. Nh4 Bd7 15. e4 Bg4 16. Rd2 e5 17. h3 $36 {[%mdl 2048] White is pushing.} Be6 18. Nf3 a4 19. Bxf6 Bxf6 20. Nxa4 Na6 21. Nb6 {[#] Threatens to win with d5.} Rad8 22. d5 Bd7 23. Re1 c5 24. a3 Nc7 25. b4 Na8 26. Nxd7 Rxd7 27. bxc5 dxc5 28. Rb1 b6 29. Ne1 Ra7 30. Rb3 Rd8 31. Nd3 Ra4 32. Rc2 Bg7 33. f4 f6 (33... exf4 $16 {was worth a try.} 34. gxf4 (34. Nxf4 Nc7 $16) 34... Bd4+ 35. Kh2 Nc7) 34. Bf3 Kf8 35. Bg4 Rd6 $2 (35... Kg8 36. Kg2 Ra6) 36. fxe5 $18 fxe5 37. Be6 Ke8 38. Rf2 Nc7 39. Bf7+ (39. Nb2 $142 Ra6 40. Bg8) 39... Kd8 40. Nb2 Ra7 41. Bg8 Ne8 {intending ...Nf6.} 42. Bxh7 Bh6 43. Bg8 {Strongly threatening Be6.} Nf6 44. Be6 Nxe4 45. Re2 Ng5 (45... Nd2 $16 {was called for.} 46. Rd3 Nb1) 46. Rxe5 Re7 47. Na4 Kc7 (47... Nxh3+ $16 {might work better.} 48. Kg2 Ng5 49. Rxb6 Rxb6 50. Nxb6 Ra7) 48. Nc3 Nf3+ 49. Kg2 Nxe5 50. Nb5+ Kd8 51. Nxd6 Kc7 52. Nb5+ Kb7 53. Rc3 Kb8 54. Rc2 Bg7 55. h4 Re8 56. a4 Bh6 57. Nd6 Rf8 58. Re2 Bg7 59. Re4 Kc7 60. Nb5+ Kd8 (60... Kb8 $142 61. d6 Re8) 61. d6 Re8 62. Bh3 {[#] Black must now prevent Na7.} Rf8 $2 (62... Nf7) 63. Nc7 {Precision: White = 70%, Black = 39%.} 1-0

[Event "8th HDBank Cup 2018"]
[Site "Hanoi"]
[Date "2018.03.15"]
[Round "9"]
[White "Karthikeyan, P."]
[Black "Bui, Vinh"]
[Result "1/2-1/2"]
[WhiteElo "2473"]
[BlackElo "2400"]
[Annotator "TA"]
[PlyCount "58"]
[EventDate "2018.??.??"]
[EventCountry "VIE"]
[SourceTitle "playchess.com"]
[Source "ChessBase"]
[SourceQuality "1"]

{[%evp 18,58,45,-7,5,-8,0,-23,-23,-48,-37,-60,-54,-28,-15,-41,0,-8,0,-21,0,0,0,0,11,16,101,118,109,13,16,15,16,0,0,0,0,0,0,0,0,0,0]} 1. d4 d5 2. c4 c6 3. Nc3 Nf6 4. e3 a6 5. Qc2 g6 6. Bd3 Bg7 7. Nf3 O-O 8. O-O b5 {D10: Slav Defence: 3 cxd5 (without early Nf3) and 3 Nc3} 9. b3 Nbd7 10. e4 {LiveBook: 5 Games} (10. cxd5 $14 cxd5 11. Bb2) (10. Bb2 Bb7 11. h3 dxc4 12. bxc4 c5 13. Qe2 cxd4 14. exd4 bxc4 15. Bxc4 {0-1 (46) Bluebaum,M (2634)-Aronian,L (2774) Karlsruhe/Baden-Baden 2017}) 10... bxc4 11. bxc4 dxe4 12. Nxe4 c5 13. Be3 $146 ({Predecessor:} 13. dxc5 Nxe4 14. Bxe4 Nxc5 15. Bxa8 Bf5 16. Qd2 Bxa1 17. Qxd8 Rxd8 {½-½ (142) Gurevich,D (2488)-Lenderman,A (2598) Saint Louis 2010}) 13... Ng4 14. Rad1 Nxe3 15. fxe3 Qc7 16. Qf2 cxd4 17. exd4 Nf6 18. Qh4 Bf5 19. Nfg5 {[#] Threatening mate with Nxf6+.} Bxe4 20. Rxf6 {[%csl Gg5][%cal Rh4h7]} h6 21. Rxf7 $1 Bxd4+ (21... Rxf7 $11 22. Qxe4 Bxd4+ 23. Kh1 hxg5 24. Qxa8+ Kg7) 22. Kh1 $16 Bxd3 {[#]} 23. Qxd4 (23. Rxf8+ $1 $16 Rxf8 24. Qxh6) 23... Rxf7 $11 {The position is equal.} 24. Nxf7 Qxc4 25. Qh8+ Kxf7 26. Qxa8 Be4 27. Qd8 Bxg2+ 28. Kxg2 {Rf1+ is the strong threat.} Qe2+ 29. Kg1 Qe3+ {Precision: White = 33%, Black = 60%.} 1/2-1/2

[Event "8th HDBank Cup 2018"]
[Site "Hanoi"]
[Date "2018.03.15"]
[Round "9"]
[White "Liu, Guanchu"]
[Black "Hoang, Canh Huan"]
[Result "1-0"]
[WhiteElo "2460"]
[BlackElo "2402"]
[Annotator "TA"]
[PlyCount "81"]
[EventDate "2018.??.??"]
[EventCountry "VIE"]
[SourceTitle "playchess.com"]
[Source "ChessBase"]
[SourceQuality "1"]

{[%evp 28,81,31,36,50,28,65,65,87,77,106,92,83,56,56,77,135,145,150,144,136,149,115,86,86,66,88,93,228,229,229,247,229,228,231,202,249,234,406,403,375,369,354,364,521,341,472,456,446,428,1065,1053,1017,979,1722,1739]} 1. e4 {[%cal Be2e4,Be4e5][%mdl 32]} Nf6 2. e5 Nd5 3. c4 Nb6 4. d4 d6 5. exd6 cxd6 6. Nc3 g6 7. Be3 Bg7 8. Rc1 O-O 9. b3 e5 10. dxe5 dxe5 11. Qxd8 Rxd8 12. c5 N6d7 13. Bc4 Nc6 14. Nf3 Na5 {B03: Alekhine's Defence: Four Pawns Attack} 15. Be2 {LiveBook: 45 Games} h6 16. O-O Nc6 {White has an edge.} 17. Rfd1 f5 {[#]} 18. Nb5 $146 {[%cal Bc3b5,Bb5c7,Bc7e6][%mdl 32]} ({Predecessor:} 18. g3 Kh7 19. Nd5 e4 20. Nd4 Nde5 21. Nxc6 Nxc6 22. Nc7 Rxd1+ 23. Rxd1 {1-0 (30) Li,C (2622)-Hoang Canh,H (2363) Beijing 2008}) 18... f4 {[#]} 19. Bd2 $1 e4 20. Nc7 Rb8 21. Ne1 {[%cal Bf3e1,Be1c2,Bc2a3,Ba3b5,Bb5d6][%mdl 32]} g5 (21... Nde5 $142) 22. Ne6 $36 {[%mdl 2048] White is really pushing.} Re8 23. Nxg7 Kxg7 24. Bc3+ Nf6 25. Nc2 {And now Rd6 would win.} Be6 26. Na3 Kg6 27. Nb5 Bg4 (27... Nd5 $16 {keeps fighting.}) 28. Rd6 $18 Bxe2 29. Rxf6+ Kh7 {[#]} 30. Nd6 $1 Rf8 31. Re6 ({Resist} 31. Nxe4 $6 Rxf6 32. Nxf6+ (32. Bxf6 f3 $16) 32... Kg6 $16) 31... e3 32. fxe3 f3 $2 (32... Bg4 {is a better defense.}) 33. Kf2 g4 34. Ne4 Nd8 35. Re7+ Nf7 (35... Rf7 $142) 36. h3 Bd3 {If Black can now play ...Bxe4 this consolidates a bit.} 37. Nf6+ {White is clearly winning.} Kg6 38. gxf3 gxf3 (38... Ng5 $142 39. Nxg4 Rxf3+ 40. Kg2 Rf5 41. Ne5+ Rxe5 42. Bxe5 Rf8) 39. h4 Ng5 40. hxg5 hxg5 41. Nd7 {Precision: White = 93%, Black = 41%.} 1-0

[Event "8th HDBank Cup 2018"]
[Site "Hanoi"]
[Date "2018.03.15"]
[Round "9"]
[White "Nguyen, Van Huy"]
[Black "Cao, Sang"]
[Result "1-0"]
[WhiteElo "2454"]
[BlackElo "2381"]
[Annotator "TA"]
[PlyCount "51"]
[EventDate "2018.??.??"]
[EventCountry "VIE"]
[SourceTitle "playchess.com"]
[Source "ChessBase"]
[SourceQuality "1"]

{[%evp 23,50,67,64,52,34,12,52,37,49,63,107,-1,151,150,160,127,151,139,133,147,144,139,192,195,338,340,343,300,29999]} 1. d4 Nf6 2. c4 c5 3. d5 b5 4. Nf3 d6 5. Qc2 g6 6. e4 bxc4 7. Bxc4 Bg7 8. O-O O-O 9. Nc3 Nbd7 10. h3 Nb6 {A57: Benko/Volga Gambit} (10... Rb8 11. Re1 Nh5 12. Be2 Ne5 13. Nxe5 Bxe5 14. Bxh5 gxh5 15. Bh6 Re8 16. Qd2 Kh8 17. Bf4 Bd4 18. Be3 {0-1 (63) Dreev,A (2644)-Perunovic,M (2622) Berlin 2015}) 11. Be2 e6 12. dxe6 Bxe6 {LiveBook: 4 Games. White is slightly better.} 13. Be3 Qe7 14. Rfd1 $146 ({Predecessor:} 14. Bg5 h6 15. Bh4 Rfd8 16. Rad1 g5 17. Bg3 Nh5 18. Bh2 {0-1 (53) Pham,C (1910)-Le,Q (2396) Bac Giang 2016}) 14... Rfd8 15. Rac1 Rac8 16. b3 c4 {[#]} 17. b4 ({Better is} 17. Nd4 $1 $16) 17... Nfd7 $2 {[#]} (17... d5 $11) 18. Nd4 $1 $16 Ne5 19. b5 d5 20. f4 $36 {[%mdl 2048] Black is under strong pressure.} Nd3 21. Bxd3 cxd3 22. Qxd3 {aiming for Nc6.} dxe4 (22... Bxd4 $16 23. Bxd4 dxe4 24. Qxe4 (24. Nxe4 Rxc1 25. Rxc1 f5 $14) 24... Qd6) 23. Nc6 $18 (23. Qxe4 Rc4 $11) 23... Rxd3 (23... exd3 {might work better.} 24. Nxe7+ Kf8 25. Nxc8 Bxc8) 24. Nxe7+ Kf8 25. Nxc8 Rxe3 $2 (25... Nxc8 $18 26. Rxd3 (26. Nxe4 Rxe3 27. Ng5 Nb6 $14) 26... exd3) 26. Rd8# {Precision: White = 61%, Black = 29%.} 1-0